| 000 | 02780cab a2200313 ab4500 | ||
|---|---|---|---|
| 005 | 20250521121802.0 | ||
| 008 | 991125c2017 mx fr p o 000 0 spa d | ||
| 035 | _aUPN01000233061 | ||
| 040 |
_aMX-MxUPN _bspa _cMX-MxUPN _eaacr2 |
||
| 049 | _aART-E | ||
| 100 | 1 | _aContreras Aburto, Janeth | |
| 100 | 1 | _aBeverido Sustaeta, Paulina | |
| 100 | 1 | _aDe San Jorge Cárdenas, Xóchitl | |
| 100 | 1 | _aSalas García, Betzaida | |
| 100 | 1 |
_aOrtiz León, María Cristina _6- cortiz@uv.mx |
|
| 245 | 1 | 0 |
_aUso de Internet e impulsividad en estudiantes mexicanos de secundaria y bachillerato _h[recurso electrónico en línea] |
| 506 | 0 | _aAcceso abierto | |
| 520 | 3 | _aIntroducción: la mayoría de los adolescentes usa Internet sin que esto repercuta en su salud; sin embargo, algunos pueden presentar pérdida de control sobre la manera en la que utilizan este medio, lo que conlleva a un uso problemático que puede derivar en adicción. Objetivo: identificar los tipos de uso de Internet en estudiantes de secundaria y bachillerato, sus posibles causas y su relación con la impulsividad. Método: se realizó un estudio observacional, transversal, analítico y ex post facto en una muestra estratificada de 123 estudiantes de secundaria y 125 de bachillerato, de entre 12 y 18 años de edad, inscritos en dos escuelas de Xalapa, Veracruz, México; se utilizó la prueba de Adicción a Internet de Young en español. Resultados: 83% de los estudiantes presentó control sobre el uso de Internet, 17% mostró un uso problemático y no se encontró adicción a la red. El uso problemático fue mayor entre los estudiantes de secundaria (23%), que entre los de bachillerato (10%). La impulsividad no fue estadísticamente significativa para presentar un uso problemático, pero sí lo fueron indicadores como estar conectado más de seis horas y el empleo exclusivo de Internet para consultar y relacionarse en las redes sociales. Discusión y conclusiones: no se encontró una relación significativa entre impulsividad y uso problemático de Internet; sin embargo, los factores de exposición pueden explicar que el individuo disminuya el contacto con su entorno familiar y social. Los hallazgos de este trabajo pueden constituir una guía para futuras líneas de investigación que profundicen en el conocimiento de este problema. RIIA | |
| 653 | 0 | _aAdicciones | |
| 653 | 0 | _aUso de internet | |
| 653 | 0 | _aImpulsividad | |
| 653 | 0 | _aAdolescentes | |
| 773 |
_gVol. 3, no. 2, (2017), p. 3-11 _tRevista internacional de investigación en adicciones _x2448-6396 |
||
| 856 | 4 | _uhttp://riiad.org/index.php/riiad/article/view/riiad.2017.2.02/172 | |
| 856 | 4 | _uhttps://doi.org/10.28931/riiad.2017.2.02 | |
| 902 | _aLeonor Sotres/210525 | ||
| 905 | _aArticulo | ||
| 942 | _cART-E | ||
| 999 |
_c205156 _d205156 |
||